| 000 | 00664nam a22001697a 4500 | ||
|---|---|---|---|
| 008 | 160427b xxu||||| |||| 00| 0 eng d | ||
| 082 |
_22007 _aDFil 346.02 _bB21l |
||
| 100 |
_96464 _aBallada, Susan. |
||
| 245 |
_aLaw on obligations and contracts: _bsimplified per CHED model syllabus with introduction to law and exercises/ _cSusan Ballada and Leo Paolo L. Perez. |
||
| 250 |
_a2nd edition _b2007 issue. |
||
| 260 |
_aManila: _bDynasty BookSource Asia, _cc2007. |
||
| 300 |
_axiv, 306 pages; _c25 cm. |
||
| 650 | 0 |
_96470 _aLaw, Obligations and contract. |
|
| 650 | 0 |
_96472 _aContracts _xLaw and legislations. |
|
| 700 |
_96465 _aPerez, Leo Paolo L. |
||
| 942 |
_2ddc _cDFIL |
||
| 999 |
_c2010 _d2010 |
||